000 01317nam a2200397 i 4500
001 11524
003 KOSZ 005
005 20191008114848.0
008 071002s1968 pl a f 001 0 pol
015 _aPB 1968/7013
040 _aWA N
_cKOSZ 005/RW
_dKOSZ 005/RW
_dKOSZ 005/HR
041 1 _apol
_hcze
046 _k1968
080 _a621.01
080 _a620.1
080 _a539.3/.6
080 _a(07)
100 1 _aNěmec, Jaroslav
_d(1921- ).
_eAutor
245 1 0 _aWytrzymałość i sztywność części stalowych /
_cJaroslav Němec ; tł. Henryk Lisiecki.
246 1 _iTyt. oryg.:
_aTuhost a pevnost ocelových částí
260 _aWarszawa :
_bWydawnictwa Naukowo-Techniczne,
_c1968.
300 _a1010 s. :
_bil., err. ;
_c25 cm.
380 _aKsiążki.
388 _a1901-2000
504 _aBibliogr. s. [985]-1003. Indeks.
658 _aInżynieria i technika
650 4 _aMaszyny
650 4 _aMechanika
650 4 _aWytrzymałość materiałów
655 4 _aPodręcznik
650 4 _aStal
700 1 _aLisiecki, Henryk.
_eTłumaczenie
710 2 _aWydawnictwa Naukowo-Techniczne
_4pbl.
856 _uhttp://koha.tu.koszalin.pl/cgi-bin/koha/opac-detail.pl?biblionumber=11524
_yKatalog online BPK
942 _2UKD
_cKS
999 _c11524
_d11524